000 00489nam a2200181 a 4500
001 1768117515577
003 YourLibrary
005 20260112125813.0
008 260111s2006##################000#0#eng##
020 _a9780321165251
082 0 4 _a302.23
_bHEL
100 1 _aHelmers, Marguerite H.,
_eauthor.
245 1 0 _aThe Elements of Visual Analysis :
260 _bAddison-Wesley Longman,
_c2006.
650 0 _aRhetoric.
942 _cENGLISH
040 _aYourLibrary
_beng
_cYourLibrary
999 _c608253
_d608253